| 000 | 00340pam a2200145 a 4500 | ||
|---|---|---|---|
| 020 | _c | ||
| 041 | _aeng | ||
| 082 | _bKIL | ||
| 100 | _aKilic Mine Oxyurt . | ||
| 245 |
_aMaggie Gee Weiting the condition of England Novel _hTextual Documents |
||
| 250 | _a2014. | ||
| 260 |
_aLandon: _bBloomsbury . |
||
| 300 | _a179p. | ||
| 930 | _a1309 | ||
| 999 |
_c78233 _d78233 |
||